[Event "BIH-chT 11th"]
[Site "Jahorina"]
[Date "2012.06.08"]
[Round "7.2"]
[White "Dizdarevic, Emir"]
[Black "Mujic, Hamza"]
[Result "1-0"]
[WhiteElo "2462"]
[BlackElo "2355"]
[PlyCount "119"]
[EventDate "2012.06.02"]
[EventType "team-tourn"]
[EventRounds "9"]
[EventCountry "BIH"]
[SourceTitle "CBM 148 Extra"]
[Source "ChessBase"]
[SourceDate "2012.06.22"]
[SourceVersion "1"]
[SourceVersionDate "2012.06.22"]
[SourceQuality "1"]
[WhiteTeam "Siroki Brijeg"]
[BlackTeam "Bihac"]
[WhiteTeamCountry "BIH"]
[BlackTeamCountry "BIH"]

1. Nf3 Nf6 2. g3 g6 3. b3 Bg7 4. Bb2 d6 5. d4 c5 6. Bg2 cxd4 7. Nxd4 d5 8. 0-0 0-0 9. c4 dxc4 10. bxc4 Qb6 11. Qb3 Nfd7 12. e3 Nc6 13. Nc3 Nxd4 14. exd4 Bxd4 15. Nd5 Qc5 16. Bxd4 Qxd4 17. Nxe7+ Kh8 18. Rad1 Qg7 19. Qa3 Ne5 20. Nxc8 Nxc4 21. Qe7 Raxc8 22. Qxb7 a5 23. Rd7 a4 24. Qa6 a3 25. Rc1 Nb6 26. Rdc7 Rxc7 27. Rxc7 Qb2 28. Rb7 Qc1+ 29. Bf1 Nc8 30. Rb3 Re8 31. Qxa3 Qxa3 32. Rxa3 Re1 33. Kg2 Rc1 34. Ra6 Kg7 35. Bb5 Ne7 36. Ra7 Nc8 37. Ra6 Ne7 38. Ba4 Nf5 39. Bb3 Nd4 40. Rd6 Nxb3 41. axb3 Rc3 42. b4 Rb3 43. Rd4 h5 44. h4 Kf6 45. Rd6+ Ke5 46. Rb6 Kf5 47. Rb5+ Kf6 48. Rb8 Kf5 49. b5 Kf6 50. Rb7 Ke6 51. b6 Kf6 52. Kf1 Rb2 53. Kg2 Rb3 54. Rb8 Kg7 55. Kf1 Rb2 56. f3 Kf6 57. Ke1 Kg7 58. Kd1 Rf2 59. Rc8 Rb2 60. Rc6 1-0

[Event "BIH-chT 11th"]
[Site "Jahorina"]
[Date "2012.06.05"]
[Round "4.5"]
[White "Vukic, Milan"]
[Black "Mujic, Hamza"]
[Result "0-1"]
[WhiteElo "2411"]
[BlackElo "2355"]
[PlyCount "67"]
[EventDate "2012.06.02"]
[EventType "team-tourn"]
[EventRounds "9"]
[EventCountry "BIH"]
[SourceTitle "CBM 148 Extra"]
[Source "ChessBase"]
[SourceDate "2012.06.22"]
[SourceVersion "1"]
[SourceVersionDate "2012.06.22"]
[SourceQuality "1"]
[WhiteTeam "Sarajevo Slavija"]
[BlackTeam "Bihac"]
[WhiteTeamCountry "BIH"]
[BlackTeamCountry "BIH"]

1. Nf3 Nf6 2. g3 g6 3. Bg2 Bg7 4. 0-0 0-0 5. c4 d6 6. d4 Nc6 7. Nc3 Bf5 8. d5 Na5 9. Nd4 Bd7 10. b3 Rc8 11. Bb2 c6 12. dxc6 bxc6 13. Qd2 Rb8 14. Rab1 c5 15. Nc2 Ng4 16. h3 Ne5 17. Ne3 Bc6 18. Ncd5 e6 19. Nc3 Qb6 20. Qxd6 Rbd8 21. Qe7 Rd7 22. Qh4 f5 23. Qf4 Rd4 24. Ncd5 Rxf4 25. Nxb6 Rxf2 26. Kxf2 Bxg2 27. Bxe5 Bxf1 28. Bxg7 Kxg7 29. Nd7 Rf7 30. Nxc5 Bxh3 31. Rd1 Nb7 32. Nxe6+ Kf6 33. Nf4 Bg4 34. b4 0-1

[Event "BIH-chT"]
[Site "Neum"]
[Date "2011.06.12"]
[Round "9.2"]
[White "Mujic, Hamza"]
[Black "Ragger, Markus"]
[Result "0-1"]
[WhiteElo "2375"]
[BlackElo "2674"]
[PlyCount "74"]
[EventDate "2011.06.04"]
[EventType "team-tourn"]
[EventRounds "9"]
[EventCountry "BIH"]
[SourceTitle "CBM 142 Extra"]
[Source "ChessBase"]
[SourceDate "2011.06.27"]
[SourceVersion "1"]
[SourceVersionDate "2011.06.27"]
[SourceQuality "1"]
[WhiteTeam "Zivinice"]
[BlackTeam "Sarajevo Bosna"]
[WhiteTeamCountry "BIH"]
[BlackTeamCountry "BIH"]

1. e4 c6 2. d4 d5 3. Nc3 dxe4 4. Nxe4 Bf5 5. Qf3 e6 6. c3 Nf6 7. Nxf6+ gxf6 8. Bc4 Rg8 9. h3 Nd7 10. Ne2 Bc2 11. Nf4 Nb6 12. Bb3 Bxb3 13. axb3 Bd6 14. Nh5 Be7 15. c4 Qxd4 16. 0-0 Nd7 17. Be3 Qxb2 18. Bxa7 0-0-0 19. Be3 Bd6 20. c5 Be5 21. b4 Qb3 22. Ra8+ Kc7 23. Rxd8 Rxd8 24. Qe4 f5 25. Qh4 Rg8 26. Nf4 Nf6 27. g3 Kc8 28. Re1 Qxb4 29. Rd1 Qb3 30. Rd2 Ne4 31. Qxh7 Rh8 32. Qxf7 Nxd2 33. Bxd2 Bxf4 34. Bxf4 Qd1+ 35. Kg2 Qd7 36. Qf6 Qd5+ 37. Kf1 Rxh3 0-1

[Event "BIH-chT"]
[Site "Neum"]
[Date "2011.06.10"]
[Round "7.2"]
[White "Mujic, Hamza"]
[Black "Tesic, Dragan"]
[Result "1/2-1/2"]
[WhiteElo "2375"]
[BlackElo "2390"]
[PlyCount "24"]
[EventDate "2011.06.04"]
[EventType "team-tourn"]
[EventRounds "9"]
[EventCountry "BIH"]
[SourceTitle "CBM 142 Extra"]
[Source "ChessBase"]
[SourceDate "2011.06.27"]
[SourceVersion "1"]
[SourceVersionDate "2011.06.27"]
[SourceQuality "1"]
[WhiteTeam "Zivinice"]
[BlackTeam "Obudovac"]
[WhiteTeamCountry "BIH"]
[BlackTeamCountry "BIH"]

1. e4 c5 2. Nf3 e6 3. d4 cxd4 4. c3 dxc3 5. Nxc3 a6 6. Bc4 b5 7. Bb3 d6 8. 0-0 Ra7 9. Qe2 Nc6 10. Be3 Rb7 11. Rfd1 Na5 12. Nd4 Bd7 1/2-1/2

[Event "BIH-chT"]
[Site "Neum"]
[Date "2011.06.05"]
[Round "2.2"]
[White "Kovacevic, Aleksandar"]
[Black "Mujic, Hamza"]
[Result "1-0"]
[WhiteElo "2575"]
[BlackElo "2375"]
[PlyCount "61"]
[EventDate "2011.06.04"]
[EventType "team-tourn"]
[EventRounds "9"]
[EventCountry "BIH"]
[SourceTitle "CBM 142 Extra"]
[Source "ChessBase"]
[SourceDate "2011.06.27"]
[SourceVersion "1"]
[SourceVersionDate "2011.06.27"]
[SourceQuality "1"]
[WhiteTeam "Sokolac"]
[BlackTeam "Zivinice"]
[WhiteTeamCountry "BIH"]
[BlackTeamCountry "BIH"]

1. c4 Nf6 2. Nc3 g6 3. e4 d6 4. Nf3 Bg7 5. d4 0-0 6. Be2 c5 7. 0-0 Nc6 8. d5 Na5 9. Bg5 Bg4 10. Nd2 Bxe2 11. Qxe2 a6 12. Rac1 Ne8 13. Nf3 Nc7 14. b3 Rb8 15. Rfd1 b5 16. e5 f6 17. exf6 exf6 18. Bf4 bxc4 19. bxc4 Nxc4 20. Ne4 Ne5 21. Bxe5 fxe5 22. Rb1 Qd7 23. Qd3 Nb5 24. Nfd2 Rfc8 25. Nc4 Qe7 26. a4 Nd4 27. Ncxd6 c4 28. Rxb8 cxd3 29. Rxc8+ Bf8 30. Rxd3 Kg7 31. Rc7 1-0

[Event "BIH-chT2"]
[Site "Tuzla"]
[Date "2010.07.24"]
[Round "9"]
[White "Mujic, Hamza"]
[Black "Karup, Edin"]
[Result "0-1"]
[WhiteElo "2402"]
[BlackElo "2167"]
[PlyCount "72"]
[EventDate "2010.07.18"]
[EventType "team-swiss"]
[EventRounds "9"]
[EventCountry "BIH"]
[SourceTitle "CBM 137 Extra"]
[Source "ChessBase"]
[SourceDate "2010.09.01"]
[SourceVersion "1"]
[SourceVersionDate "2010.09.01"]
[SourceQuality "1"]

1. d4 Nf6 2. c4 e6 3. Nf3 b6 4. Nc3 Bb4 5. Qb3 c5 6. a3 Ba5 7. Bd2 0-0 8. e3 Nc6 9. d5 Ne7 10. Bd3 exd5 11. cxd5 Bxc3 12. bxc3 Nexd5 13. c4 Nc7 14. Rd1 Bb7 15. Bc3 Re8 16. 0-0 Qe7 17. Nh4 Ne4 18. Nf5 Qg5 19. f3 Qxf5 20. fxe4 Qg6 21. Rf3 Ne6 22. Rg3 Qh6 23. Rf1 Ng5 24. Rf5 f6 25. e5 g6 26. Rxf6 Re6 27. Qd1 Rae8 28. Bf5 Rxf6 29. exf6 Nf3+ 30. Rxf3 Bxf3 31. f7+ Kxf7 32. Qxd7+ Kf8 33. Qd6+ Re7 34. Kf1 Bxg2+ 35. Kxg2 Qg5+ 36. Kf1 Qxf5+ 0-1

[Event "BIH CFFBH-chT1"]
[Site "Cazin"]
[Date "2009.06.30"]
[Round "6"]
[White "Mujic, Hamza"]
[Black "Vukic, Milan"]
[Result "1-0"]
[WhiteElo "2292"]
[BlackElo "2448"]
[PlyCount "59"]
[EventDate "2009.06.27"]
[EventType "team-tourn"]
[EventRounds "9"]
[EventCountry "BIH"]
[SourceTitle "EXT 2019"]
[Source "ChessBase"]
[SourceDate "2018.10.10"]
[SourceVersion "1"]
[SourceVersionDate "2018.10.10"]
[SourceQuality "1"]

1. e4 c5 2. Nf3 e6 3. d4 cxd4 4. Nxd4 Nf6 5. Nc3 Nc6 6. Ndb5 d6 7. Bf4 e5 8. Bg5 a6 9. Bxf6 gxf6 10. Na3 b5 11. Nd5 f5 12. Bd3 Be6 13. c3 Bg7 14. Nxb5 axb5 15. Bxb5 Bd7 16. exf5 0-0 17. Qg4 Kh8 18. 0-0 Rb8 19. a4 f6 20. Qe4 Ne7 21. Bxd7 Qxd7 22. Nxe7 Qxe7 23. b4 Rbc8 24. Rfe1 Qf7 25. a5 Rxc3 26. b5 d5 27. Qb1 Ra8 28. b6 Bf8 29. a6 Bc5 30. a7 1-0

[Event "Tuzla 15th"]
[Site "Tuzla"]
[Date "2008.11.21"]
[Round "1"]
[White "Mujic, Hamza"]
[Black "Majeric, Zoran"]
[Result "1/2-1/2"]
[WhiteElo "2309"]
[BlackElo "2296"]
[PlyCount "34"]
[EventDate "2008.11.21"]
[EventType "tourn"]
[EventRounds "9"]
[EventCountry "BIH"]
[EventCategory "2"]
[SourceTitle "CBM 127 Extra"]
[Source "ChessBase"]
[SourceDate "2009.01.08"]
[SourceVersion "2"]
[SourceVersionDate "2009.01.28"]
[SourceQuality "1"]

1. e4 c5 2. Nf3 g6 3. d4 Bg7 4. dxc5 Qa5+ 5. c3 Qxc5 6. Be3 Qc7 7. h3 Nc6 8. Na3 Nf6 9. Nb5 Qb8 10. e5 Nxe5 11. Nxe5 Qxe5 12. Qd4 Nh5 13. Qc4 0-0 14. 0-0-0 a6 15. Nc7 b5 16. Qc5 Rb8 17. Rd5 Qe4 1/2-1/2

[Event "BIH-chT1"]
[Site "Neum"]
[Date "2008.08.26"]
[Round "5.3"]
[White "Koso, Ekrem"]
[Black "Mujic, Hamza"]
[Result "1/2-1/2"]
[WhiteElo "2074"]
[BlackElo "2319"]
[PlyCount "94"]
[EventDate "2008.08.23"]
[EventType "team"]
[EventRounds "9"]
[EventCountry "BIH"]
[SourceTitle "CBM 126 Extra"]
[Source "ChessBase"]
[SourceDate "2008.11.05"]
[SourceVersion "1"]
[SourceVersionDate "2008.11.05"]
[SourceQuality "1"]

1. Nf3 Nf6 2. g3 g6 3. b3 Bg7 4. Bb2 a5 5. a3 0-0 6. Bg2 d6 7. d4 a4 8. 0-0 Nbd7 9. Nbd2 axb3 10. cxb3 c5 11. Re1 cxd4 12. Bxd4 Nc5 13. e4 Ne6 14. Bb2 Ra5 15. b4 Rh5 16. Rc1 h6 17. Qe2 Ng5 18. e5 dxe5 19. Nxg5 hxg5 20. Bxe5 Bg4 21. Nf3 Kh7 22. Qe3 Rh8 23. Nxg5+ Rxg5 24. Bc7 Qd7 25. Qxg5 Bh6 26. Qe5 Bxc1 27. Rxc1 Kg7 28. Re1 Be6 29. Bb6 Rh5 30. Qd4 Bd5 31. Bc5 Qc6 32. Bxe7 Bxg2 33. Qxf6+ Kg8 34. Qxc6 Bxc6 35. g4 Rd5 36. h3 f5 37. Kh2 f4 38. g5 Rd2 39. Bc5 Rd3 40. b5 Bd7 41. b6 Rxh3+ 42. Kg2 Rc3 43. Bd4 Bc6+ 44. Kh2 Rd3 45. Bf6 Rxa3 46. Be5 Rf3 47. Re2 Rb3 1/2-1/2

[Event "Osijek Festival op"]
[Site "Osijek"]
[Date "2008.03.09"]
[Round "5"]
[White "Mestrovic, Zvonimir"]
[Black "Mujic, Hamza"]
[Result "1-0"]
[WhiteElo "2310"]
[BlackElo "2330"]
[PlyCount "91"]
[EventDate "2008.03.07"]
[EventType "team"]
[EventRounds "9"]
[EventCountry "CRO"]
[SourceTitle "CBM 123 Extra"]
[Source "ChessBase"]
[SourceDate "2008.05.06"]
[SourceVersion "1"]
[SourceVersionDate "2008.05.06"]
[SourceQuality "1"]

1. e4 e5 2. Nf3 Nc6 3. d4 exd4 4. c3 d5 5. exd5 Qxd5 6. cxd4 Bg4 7. Be2 0-0-0 8. Nc3 Qa5 9. Be3 Nf6 10. 0-0 Nd5 11. Qb3 f6 12. Bb5 Bxf3 13. gxf3 Nce7 14. Ne4 Qb6 15. Rfc1 a6 16. Bf1 Qxb3 17. axb3 g6 18. Nc5 Nf5 19. b4 Nxb4 20. Ne6 Rd7 21. Bb5 c6 22. Ra4 Nxe3 23. fxe3 Bh6 24. f4 Kb8 25. Bc4 Nd5 26. Nc5 Re7 27. Bxd5 cxd5 28. Rc3 Rhe8 29. Rb4 Ka8 30. Kf2 g5 31. f5 g4 32. Ne6 Ka7 33. Rbb3 Bf8 34. Kg3 h5 35. Kh4 Rh7 36. Rc7 Rxc7 37. Nxc7 Re4 38. Nxd5 Bd6 39. Kxh5 Bxh2 40. Rc3 g3 41. Rc2 Bg1 42. Rg2 Bxe3 43. Nxe3 Rxe3 44. Kg6 Rd3 45. Kxf6 Rxd4 46. Rxg3 1-0

[Event "Osijek Festival op"]
[Site "Osijek"]
[Date "2008.03.09"]
[Round "4"]
[White "Mujic, Hamza"]
[Black "Pap, Misa"]
[Result "0-1"]
[WhiteElo "2330"]
[BlackElo "2465"]
[PlyCount "60"]
[EventDate "2008.03.07"]
[EventType "team"]
[EventRounds "9"]
[EventCountry "CRO"]
[SourceTitle "CBM 123 Extra"]
[Source "ChessBase"]
[SourceDate "2008.05.06"]
[SourceVersion "1"]
[SourceVersionDate "2008.05.06"]
[SourceQuality "1"]

1. e4 c5 2. Nf3 Nc6 3. Nc3 e5 4. g3 g6 5. d3 Bg7 6. Nd5 h6 7. Bg2 Nge7 8. Be3 d6 9. Nxe7 Qxe7 10. Qd2 Nd4 11. h4 Bg4 12. Nh2 Be6 13. c3 Nc6 14. 0-0 0-0-0 15. b4 cxb4 16. cxb4 Kb8 17. b5 Nd4 18. Nf3 Bg4 19. Nh2 Be6 20. Nf3 Rc8 21. Qb4 Nc2 22. Bxa7+ Kxa7 23. Qa5+ Kb8 24. b6 Rc5 25. Qa7+ Kc8 26. Qa8+ Kd7 27. Qxb7+ Ke8 28. Qa8+ Qd8 29. Qa6 Nxa1 30. Rxa1 Ke7 0-1

[Event "BIH CFFBH-chT1"]
[Site "Neum"]
[Date "2007.08.28"]
[Round "5"]
[White "Hodzic, Nihad"]
[Black "Mujic, Hamza"]
[Result "0-1"]
[WhiteElo "2249"]
[BlackElo "2331"]
[PlyCount "62"]
[EventDate "2007.08.25"]
[EventType "team-tourn"]
[EventRounds "9"]
[EventCountry "BIH"]
[SourceTitle "EXT 2023"]
[Source "ChessBase"]
[SourceDate "2022.10.05"]
[SourceVersion "1"]
[SourceVersionDate "2022.10.05"]
[SourceQuality "1"]

1. d4 Nf6 2. c4 c5 3. d5 g6 4. Nc3 Bg7 5. e4 0-0 6. Nf3 d6 7. h3 e6 8. Bd3 exd5 9. cxd5 b5 10. Nxb5 Nxe4 11. Bxe4 Re8 12. Ng5 Qa5+ 13. Nc3 Ba6 14. Bd2 Nd7 15. Ne2 Qb5 16. f4 h6 17. Ne6 Qc4 18. Bf3 fxe6 19. Rc1 Qd3 20. dxe6 Rxe6 21. Bc3 Rae8 22. Rc2 Bxc3+ 23. bxc3 Nf6 24. Rd2 Qe3 25. Rf1 Qxc3 26. Rf2 Bxe2 27. Rfxe2 Rxe2+ 28. Bxe2 Ne4 29. Qc2 Qxd2+ 30. Qxd2 Nxd2 31. Kxd2 d5 0-1

[Event "DDS League and op 12th"]
[Site "Tuzla"]
[Date "2006.09.20"]
[Round "9"]
[White "Mujic, Hamza"]
[Black "Saric, Sinisa"]
[Result "1/2-1/2"]
[WhiteElo "2352"]
[BlackElo "2259"]
[PlyCount "83"]
[EventDate "2006.09.15"]
[EventType "team"]
[EventRounds "9"]
[EventCountry "BIH"]
[SourceTitle "CBM 114 Extra"]
[Source "ChessBase"]
[SourceDate "2006.11.03"]
[SourceVersion "1"]
[SourceVersionDate "2006.11.03"]
[SourceQuality "1"]

1. e4 d5 2. exd5 Qxd5 3. Nf3 Bg4 4. Be2 Nc6 5. 0-0 0-0-0 6. Nc3 Qd7 7. b4 Bxf3 8. Bxf3 Nd4 9. Ne4 e6 10. Bb2 Nf6 11. Bxd4 Qxd4 12. c3 Qd3 13. Re1 Nxe4 14. Bxe4 Qd7 15. b5 f5 16. Bf3 Qxd2 17. Qb3 Bc5 18. Re2 Qf4 19. Qxe6+ Kb8 20. Qe5 Bd6 21. Qxf4 Bxf4 22. c4 Rhe8 23. Rxe8 Rxe8 24. g3 Bd6 25. Rd1 Re5 26. h4 a6 27. bxa6 bxa6 28. Rb1+ Kc8 29. Kf1 Kd7 30. Bd1 f4 31. g4 Kc6 32. Bf3+ Kc5 33. Bd5 c6 34. Bf3 Re7 35. g5 a5 36. a4 h6 37. g6 Re6 38. h5 Be5 39. Rd1 Re7 40. Rb1 Bd4 41. Re1 Rxe1+ 42. Kxe1 1/2-1/2

[Event "DDS League and op 12th"]
[Site "Tuzla"]
[Date "2006.09.16"]
[Round "3"]
[White "Mujic, Hamza"]
[Black "Mikanovic, Sandro"]
[Result "1-0"]
[WhiteElo "2352"]
[BlackElo "2105"]
[PlyCount "65"]
[EventDate "2006.09.15"]
[EventType "team"]
[EventRounds "9"]
[EventCountry "BIH"]
[SourceTitle "CBM 114 Extra"]
[Source "ChessBase"]
[SourceDate "2006.11.03"]
[SourceVersion "1"]
[SourceVersionDate "2006.11.03"]
[SourceQuality "1"]

1. e4 c6 2. d4 d5 3. exd5 cxd5 4. c3 Nf6 5. Nf3 Nc6 6. Bd3 Bg4 7. 0-0 e6 8. Nbd2 Be7 9. Re1 0-0 10. Nf1 Bh5 11. Ng3 Bg6 12. Bf1 Ne4 13. Nxe4 Bxe4 14. Bf4 Bd6 15. Be3 Qc7 16. Kh1 Na5 17. Ng5 Bg6 18. h4 h6 19. h5 Bf5 20. g4 Bf4 21. gxf5 hxg5 22. Qg4 Rae8 23. Bd3 Nc6 24. Rg1 Kh8 25. h6 Rg8 26. Rge1 Qd6 27. Qh5 g6 28. fxg6 fxg6 29. Bxg6 Ref8 30. Bf7 Rxf7 31. Qxf7 e5 32. Bxf4 exf4 33. Re6 1-0

[Event "Tuzla 10th"]
[Site "Tuzla"]
[Date "2004.11.20"]
[Round "3"]
[White "Budimir, Boris"]
[Black "Mujic, Hamza"]
[Result "1/2-1/2"]
[WhiteElo "2240"]
[BlackElo "2326"]
[PlyCount "130"]
[EventDate "2004.11.19"]
[EventType "tourn"]
[EventRounds "11"]
[EventCountry "BIH"]
[EventCategory "3"]
[SourceTitle "CBM 103 Extra"]
[Source "ChessBase"]
[SourceDate "2005.01.01"]
[SourceVersion "1"]
[SourceVersionDate "2005.01.01"]
[SourceQuality "1"]

1. e4 e5 2. Nf3 d6 3. d4 Nd7 4. Bc4 c6 5. c3 Qc7 6. 0-0 Nb6 7. Bb3 Be7 8. h3 Nf6 9. Re1 0-0 10. Nbd2 c5 11. Nf1 Re8 12. Ng3 c4 13. Bc2 Bf8 14. Bg5 Nfd7 15. Nf5 h6 16. Bd2 Nf6 17. N3h4 g5 18. Nf3 Bxf5 19. exf5 e4 20. Nxg5 hxg5 21. Bxg5 Nbd5 22. g4 Nh7 23. Qd2 f6 24. Bf4 Nxf4 25. Qxf4 Ng5 26. Kg2 Qc6 27. h4 e3+ 28. f3 Nf7 29. g5 Bg7 30. Rxe3 Rxe3 31. Qxe3 Re8 32. Qd2 Kf8 33. Kf2 d5 34. Re1 Rxe1 35. Kxe1 Qc7 36. f4 b5 37. Kf2 a5 38. Kf3 Nd8 39. Qe2 Qf7 40. Kg4 Qg8 41. Kh3 Qh8 42. Qf3 Qg8 43. h5 Nf7 44. Qg2 Qh8 45. Bd1 fxg5 46. fxg5 Bxd4 47. cxd4 Qxd4 48. Bf3 Qf4 49. Qg4 Nxg5+ 50. Kg2 Qd2+ 51. Kg3 Qe3 52. Qf4 Ne4+ 53. Kg4 Nf2+ 54. Kg3 Nh1+ 55. Kg4 Nf2+ 56. Kg3 Ne4+ 57. Kg4 Qg1+ 58. Kh4 Qe1+ 59. Kh3 Qf1+ 60. Kg4 Nf2+ 61. Kg3 Qg1+ 62. Kh4 Qe1 63. Qd6+ Ke8 64. Qc6+ Kf8 65. Qd6+ Ke8 1/2-1/2